000 00283nam a22001217a 4500
008 180806b xxu||||| |||| 00| 0 eng d
082 _b813.52
245 _aNon small cell lung cancer
_cJAHANZEB.M
260 _c2006
300 _a1
_fCD
440 _xLUNN001801106
942 _2ddc
_cMX
999 _c46815
_d46815